00581nam a22001697a 450000500170000001000130001702000260003003500120005603700160006808200080008410000370009224500730012924600810020226000490028327000580033230000210039020221216145316.0 aUR-11799 a9789392496486c200.00 aU-10354 bDBAD/PUBa- a841 aطرزی ، عبد المنان  aمتفرفات طرزی /cعبد المنان طرزیhا ر د و aMutafarreqat-E-Tarzi /bby Abdul Mannan Tarzi ; compiled by Ehteshamul Haque aDelhibEducational Publishing Housec2021 ء aH.o. D1/16, Ansari Road, daryaganjbNew Delhie110002 a208 صc23cm(Hb)